000 01592nam0a22002651 4500
001 v19\rc\2046388
005 20250620021215.0
035 _a(NLR Aleph) 005125710
090 _a7634620
_c7634620
100 _a20081111d1905 |||y0rusy50 ca
101 0 _arus
102 _aRU
105 _ay z |||||
200 1 _aАдреса г. г. врачей, ветеринаров, дантистов, акушерок, лечебных заведений и аптек г. Москвы
210 _aМосква
_cтипо-лит. Н.И. Куманина
_d1905
215 _a124 с., вкл. обл.
_d15
300 _aИзд. также под загл.: "Адресная книжка г. г. врачей, ветеринаров, дентистов, акушерок, лечебных заведений и аптек г. Москвы"
451 0 _12001#$aАдресная книжка г. г. врачей, ветеринаров, дентистов, акушерок, лечебных заведений и аптек г. Москвы
_tАдресная книжка г. г. врачей, ветеринаров, дентистов, акушерок, лечебных заведений и аптек г. Москвы
532 1 2 _aАдреса господ врачей, ветеринаров, дантистов, акушерок, лечебных заведений и аптек г. Москвы
700 1 _aСамгин
_bИ.Я.
_gИван Яковлевич
801 0 _aRU
_bNLR
_gpsbo
801 1 _aRU
_bProSoft-M
_2rusmarc
852 _aNLR
_j38.1.8.4
942 _cBOOK
980 _aNB